| 000 | 00794cam a2200265 a 4500 | ||
|---|---|---|---|
| 008 | |||
| 020 | _a0702017701 (pbk.) | ||
| 049 | _aMAIN | ||
| 090 |
_aR895 _bFAR |
||
| 100 | 1 | _aFarr, R. F. | |
| 245 | 1 | 0 |
_aPhysics for medical imaging / _cR.F. Farr and P. J. Allisy-Roberts with contributions from J. Weir. |
| 260 |
_aLondon : _bSaunders, _cc1998. |
||
| 300 |
_axi, 276 p. : _bill. ; _c22 cm. |
||
| 500 | _aIncludes index. | ||
| 504 | _aIncludes bibliographical references. | ||
| 650 | 0 | _aDiagnostic imaging. | |
| 650 | 0 | _aMedical physics. | |
| 653 | 0 |
_aHumans _aImaging. |
|
| 700 | _aAllisy-Roberts, P. J. | ||
| 907 |
_a.b10266628 _b14-10-09 _c18-09-09 |
||
| 003 | |||
| 005 | 20230120204018.0 | ||
| 040 | _cNUST | ||
| 942 |
_cBOOKS _kR895 _mFAR |
||
| 999 |
_c115549 _d115549 |
||